Dhakaiyas on the move / (Record no. 21283)

MARC details
000 -LEADER
fixed length control field 01216cam a2200349 a 4500
001 - CONTROL NUMBER
control field 13525669
003 - CONTROL NUMBER IDENTIFIER
control field BDDh-ASL
005 - DATE AND TIME OF LATEST TRANSACTION
control field 20231015030002.0
008 - FIXED-LENGTH DATA ELEMENTS--GENERAL INFORMATION
fixed length control field 031119s2003 bg ab b 000 0 eng
010 ## - LIBRARY OF CONGRESS CONTROL NUMBER
LC control number 2003328031
020 ## - INTERNATIONAL STANDARD BOOK NUMBER
International Standard Book Number 9840801805
025 ## - OVERSEAS ACQUISITION NUMBER
Overseas acquisition number B-E-2003-328031; 22
035 ## - SYSTEM CONTROL NUMBER
System control number (DLC) 2003328031
037 ## - SOURCE OF ACQUISITION
Source of stock number/acquisition Library of Congress -- New Delhi Overseas Office
Terms of availability Tk250.00 ($15.00 U.S.)
040 ## - CATALOGING SOURCE
Original cataloging agency DLC
Transcribing agency DLC
Modifying agency BDDh-ASL
042 ## - AUTHENTICATION CODE
Authentication code lcode
043 ## - GEOGRAPHIC AREA CODE
Geographic area code a-bg---
050 00 - LIBRARY OF CONGRESS CALL NUMBER
Classification number HB1954.3.B3
Item number K43 2003
082 ## - DEWEY DECIMAL CLASSIFICATION NUMBER
Classification number 954.922
Item number KHD
100 1# - MAIN ENTRY--PERSONAL NAME
Personal name Khatun, Hafiza.
245 10 - TITLE STATEMENT
Title Dhakaiyas on the move /
Statement of responsibility, etc. Hafiza Khatun.
260 ## - PUBLICATION, DISTRIBUTION, ETC.
Place of publication, distribution, etc. Dhaka :
Name of publisher, distributor, etc. Academic Press and Publishers,
Date of publication, distribution, etc. 2003.
300 ## - PHYSICAL DESCRIPTION
Extent xiv, 160 p. :
Other physical details ill., maps ;
Dimensions 23 cm.
504 ## - BIBLIOGRAPHY, ETC. NOTE
Bibliography, etc. note Includes bibliographical references (p. [150]-160).
520 ## - SUMMARY, ETC.
Summary, etc. Case study with reference to the dwellers of Dhaka City, Bangladesh.
650 #0 - SUBJECT ADDED ENTRY--TOPICAL TERM
Topical term or geographic name entry element Residential mobility
Geographic subdivision Bangladesh
-- Dhaka
Form subdivision Case studies.
650 #0 - SUBJECT ADDED ENTRY--TOPICAL TERM
Topical term or geographic name entry element City dwellers
Geographic subdivision Bangladesh
-- Dhaka
Form subdivision Case studies.
651 #0 - SUBJECT ADDED ENTRY--GEOGRAPHIC NAME
Geographic name Dhaka (Bangladesh)
General subdivision Population
Form subdivision Case studies.
906 ## - LOCAL DATA ELEMENT F, LDF (RLIN)
a 7
b cbc
c origode
d 3
e ncip
f 20
g y-gencatlg
942 ## - ADDED ENTRY ELEMENTS (KOHA)
Source of classification or shelving scheme Dewey Decimal Classification
Koha item type Books
Holdings
Withdrawn status Lost status Source of classification or shelving scheme Damaged status Not for loan Collection code Home library Current library Shelving location Date acquired Source of acquisition Total Checkouts Full call number Barcode Date last seen Copy number Price effective from Koha item type
    Dewey Decimal Classification     Non-fiction Asiatic Society Library Asiatic Society Library General Stacks 01/26/2021 Complementary   954.922 KHD 104976 01/26/2021 C-1 01/26/2021 Books
    Dewey Decimal Classification     Non-fiction Asiatic Society Library Asiatic Society Library Dhaka Collection 12/22/2022 Complementary   954.922 KHD 118069 12/22/2022 C-2 12/22/2022 Books

Powered by Koha